00762nam a2200229 a 450000100060000000300080000600500170001400800410003103500190007204000270009104100080011808200290012610000240015524500890017926000480026830000340031650400400035065000160039065000250040670000370043183000640046873465BD-RjUL20211209082411.0170601s1964 nyua b 001 0 eng d a(BD-RjUL)73683 aDLCcDLCdBD-RjULbeng aeng00a621.381528223bELE 19661 aSearle, Campbell L.10aElementary circuit properties of transistors /c[by] Campbell L. Searle ... [et all] aNew York :bJ. Wiley,cc1964 [printing1966] axxi, 306 p. :bill. ;c22 cm. aBibliographical footnotes and index 0aTransistors 0aTransistor circuits. aSearle, Campbell L ... [et all] aSemiconductor Electronics Education Committee books ;vv. 3